Statistiques concernant Questions sur les pokemons

Cliquez ici pour prendre le quiz!

Statistiques générales

  • Ce quiz a été pris 55 fois
    (51 depuis la dernière actualisation)
  • Le résultat moyen est 9 sur 12

Statistiques - réponses

hintRéponse% Correct
Dans quelle génération apparaît Cizayox ?2
98%
Combien y a t-il de starters dans pokémon éclat pourpre ?9
85%
En quoi évolue marcacrinCochignon
85%
Combien Tarsal a t-il d'évolutions ?
(méga évolutions comprises )
7
83%
Quelle est le premier pokémon que Sacha capture
autre que son starter ?
Chenipan
83%
En quoi évolue snubbull ?Granbull
83%
Combien y a t-il de trios légendaires ?11
80%
Quelle est la couleur de rattata shiny ?Jaune
75%
Combien y a t-il de starters dans les 8 générations ?25
60%
Combien y a t-il de pokémon dans les 3
premières générations ?
386
53%
Quelles uniques pokémon étant dans les trios légendaires
secondaires a un jeux à son effigie ?
Suicune
48%
Quelles uniques pokémon étant dans les trios légendaires
principaux n'a pas de jeux à son effigie ?
Zygarde
45%

Distribution des résultats

Percentile par nombre de réponses

% des personnes avec chaque résultat

Votre développement - résultats

Vous n’avez pas pris ce quiz depuis la dernière actualisation